Praktikum z ASR podnikov miestneho hospodárstva a výrobného družstevníctva

Saved in:
Bibliographic Details
Main Author: Lesáková, Ľubica
Corporate Author: Vysoká škola ekonomická v Bratislave. Fakulta ekonomiky služieb a cestovného ruchu v Banskej Bystrici
Other Authors: Chomo, Oto, Sanitár, Ján
Format: Book
Language:Slovak
Published: Bratislava VŠE 1987
Edition:1. vyd.
Tags: Add Tag
No Tags, Be the first to tag this record!

MARC

LEADER 00000nam a2200000 4500
001 c037924
005 20221219094958.1
041 0 |a slo 
044 |a SK 
245 1 0 |a Praktikum z ASR podnikov miestneho hospodárstva a výrobného družstevníctva  |c Ľubica Lesáková, Oto Chomo, Ján Sanitár 
250 |a 1. vyd. 
264 1 |a Bratislava  |b VŠE  |c 1987 
300 |a 153 s. 
100 1 |a Lesáková, Ľubica 
700 1 |a Chomo, Oto 
700 1 |a Sanitár, Ján 
710 2 |a Vysoká škola ekonomická v Bratislave. Fakulta ekonomiky služieb a cestovného ruchu v Banskej Bystrici